000 01052nam0a22002651 4500
001 rc\4874476
005 20260406235958.0
021 _aRU
_b[58-18948]
035 _a(NLR Aleph) 008823718
090 _a8238662
_c8238662
100 _a20130426d1958 |||y0rusy50 ca
101 0 _arus
102 _aRU
105 _aa z |||||
200 1 _aАлександр Осипович Орловский
_eВыставка произведений
_eПутеводитель
_fГос. Третьяковская галлерея
210 _aМосква
_cИскусство
_d1958
215 _a38 с., 13 л. ил.
_d17
300 _aНа обороте тит. л. авт.: Э.Н. Ацаркина
701 1 _aАцаркина
_bЭ.Н.
_gЭсфирь Николаевна
710 1 0 _aОрловский,
_gАлександр Осипович
_hВыставка произведений
_f1958
_eМосква
_3RU\NLR\AUTH\889989914
_9475330
801 0 _aRU
_bNLR
_gpsbo
801 1 _aRU
_bELAR
_2rusmarc
852 _aNLR
_j58-2/855
942 _cBOOK
980 _aNB